| 000 | 00813nam a2200277Ia 4500 | ||
|---|---|---|---|
| 003 | OSt | ||
| 005 | 20221006144538.0 | ||
| 006 | a|||||r|||| 00| 0 | ||
| 007 | ta | ||
| 008 | 221006b |||||||| |||| 00| 0 chi d | ||
| 020 |
_a9787105031771 _cYu 12.00 |
||
| 024 | _a11,940 | ||
| 037 |
_bGift, PRC _cTextual |
||
| 040 |
_aEASL _cEASL _bchi |
||
| 041 |
_2chi _achi |
||
| 082 | _aP41, N8 | ||
| 100 |
_aDAI Qingxia etc. Ed. _9652227 |
||
| 245 | 0 |
_aDieryuyan(Hanyu)jizoxuelunji =Teaching Chinese as a second language _b Collected papers |
|
| 260 |
_aBeijing _bMinzuchubanshe China _c1998 |
||
| 300 |
_a301p. _ccm. |
||
| 490 | _v CL | ||
| 650 |
_a CL _9642733 |
||
| 650 |
_aTeaching Chinese _9652228 |
||
| 942 |
_hP41, N8 _cTEXL _2CC |
||
| 999 |
_c1080026 _d1080026 |
||